Bibliografía mercedaria / (Record no. 121418)

MARC details
000 -LEADER
campo de control de longitud fija 00691nam a2200217 i 4500
001 - NÚMERO DE CONTROL
campo de control 121418
003 - IDENTIFICADOR DE NÚMERO DE CONTROL
campo de control ES-MaACL
005 - FECHA Y HORA DE LA ÚLTIMA TRANSACCIÓN
campo de control 20230906191741.0
007 - CAMPO FIJO DE DESCRIPCIÓN FÍSICA--INFORMACIÓN GENERAL
campo de control de longitud fija t|
008 - DATOS DE LONGITUD FIJA--INFORMACIÓN GENERAL
campo de control de longitud fija 070214s1963 sp r ||||1| spa d
100 1# - ENTRADA PRINCIPAL--NOMBRE DE PERSONA
Nombre de persona Placer López, Gumersindo.
9 (RLIN) 92503
245 10 - MENCIÓN DEL TÍTULO
Título Bibliografía mercedaria /
Mención de responsabilidad, etc. Gumersindo Placer López.
260 ## - PUBLICACIÓN, DISTRIBUCIÓN, ETC.
Lugar de publicación, distribución, etc. Madrid :
Nombre del editor, distribuidor, etc. Revista Estudios,
Fecha de publicación, distribución, etc. 1963.
300 ## - DESCRIPCIÓN FÍSICA
Extensión 1 v. ;
Dimensiones 24 cm.
490 1# - MENCIÓN DE SERIE
Mención de serie Publicaciones del Monasterio de Poyo ;
Designación de volumen o secuencia 8
505 8# - NOTA DE CONTENIDO CON FORMATO
Nota de contenido con formato Contiene: vol. I: A-F
610 24 - PUNTO DE ACCESO ADICIONAL DE MATERIA--NOMBRE DE ENTIDAD CORPORATIVA
Nombre de entidad corporativa o nombre de jurisdicción como elemento de entrada Mercedarios-
Subdivisión de forma Bibliografías.
9 (RLIN) 168558
830 0# - PUNTO DE ACCESO ADICIONAL DE SERIE-TÍTULO UNIFORME
Título uniforme Publicaciones del Monasterio de Poyo ;
Designación de volumen o secuencia 8
9 (RLIN) 185703
852 ## - LOCALIZACIÓN
Ubicación ES-MaACL
Número de control de estantería P-1025-bis
Sublocalización o colección R.52576
Holdings
Estatus retirado Estado de pérdida Estado de daño No para préstamo Biblioteca de origen Biblioteca actual Ubicación en estantería Fecha de adquisición Fuente de adquisición Total de préstamos Signatura topográfica completa Código de barras Visto por última vez Precio de reemplazo Tipo de ítem Koha
        Biblioteca del Ateneo de Madrid Biblioteca del Ateneo de Madrid Depósito 2 17/01/2008     P-1025-bis 1126537 23/02/2023 23/02/2023 Libro impreso